Noobs in Combat Units - Statistics

General Stats
  • This quiz has been taken 159 times
  • The average score is 9 of 15
Answer Stats
Hint Answer % Correct
What unit has the shortest radio range? Riflemen
91%
Which unit has a variant called an ambulance? Halftrack
85%
What is the most expensive unit at 240 tix? Battleship
70%
Which naval unit has a depth charge? Destroyer
70%
What unit has the longest radio range? Sniper team
70%
How many variants of #2 are there? 3
62%
What unit got removed in 5.0? Radio tech
60%
What is the only vehicle-infantry hybrid unit? Biker
58%
Which AI- exclusive unit has the most armor at 35? Heavy tank CW
58%
What anti-tank unit is abbreviated as RR? Recoilless rifle
53%
What map-exclusive unit is the naval version of the sapper? Minelayer
52%
Which naval unit has a MG that can fire at Air, land and sea units? Motorboat
48%
What is the only armored vehicle that you don’t have to pay for? Tankette
48%
What does SPAAG stand for? Self propelled anti air gun
47%
What artillery tree is best used with #12? Rocket battery tree
12%
No matching quizzes found
Score Distribution
Percent of People with Each Score
Percentile by Number Answered
Your Score History
You have not taken this quiz